00579nam a2200157 a 450000100100000000500170001000800410002704000250006810000350009324500650012826000440019330000280023750400340026595201050029999900170040400003417620260305073958.0110926s1986 dr 000 0 spa d aDO-SdBNPbspacBNPHU1 aGerón, Candido,d1948-9357710aPresencia de once pintores dominicanos /cCándico Gerón. aSanto Domingo :bEditora Taller,c1986. a121 p. :bil. ;c28 cm. aBibliografía : p. 115 - 121 0010718PDaPDbPDcHDd2011-09-26iLF1l0o p34176-10r2020-06-25w2020-06-25yLFPDZNo se presta c33667d33667